000 00437nam a2200157Ia 4500
008 180921t2017 xxu||||| |||| 00| 0 eng d
041 _aeng
080 _a294.3
_bKEN
100 _aKen and Kawasaki, Visakha
245 _aJataka Tales of the Buddha an Anthology : volume 3
260 _bBuddhist Cultural Center
_aDehiwala
_c2017
300 _b893-1290p, 21cm
942 _cBK
999 _c2995
_d2995
003 LK-CoDNM
040 _aLK-CoDNM
_dLK-CoDNM
_eLK-CoDNM